000 00464nam a2200133 4500
999 _c9025
_d9025
008 180403b ||||| |||| 00| 0 eng d
082 _aDPer 050 Dec 2015-Mar 2016 T48 v186-187
100 _927123
_aKlein, Joe.
245 _aRush. Trump. Cruz. Fox News. can the republican party avoid a crack-up?/
_cJoe Klein.
260 _aNew York:
_bTime Inc.,
_c©Dec 2015-Mar 2016.
300 _av187 n4, page 21:
_c27 cm.
650 0 _927124
_aPolitics.
942 _2ddc
_cPER